|
|
|
|
| LEADER |
00000cam a2200000 a 4500 |
| 001 |
UCF8931 |
| 003 |
CL-VaPUC |
| 008 |
131011e20130600cl |||||||||||||||||spa|d |
| 020 |
|
|
|a 9789563241723
|
| 082 |
0 |
4 |
|a 320.513
|b ATR
|2 21
|
| 100 |
|
|
|a Atria Lemaitre, Fernando
|e author
|9 525444
|
| 245 |
1 |
0 |
|a Neoliberalismo con rostro humano: veinte años después
|
| 250 |
|
|
|a 1a. ed
|
| 300 |
|
|
|a 272 p
|
| 942 |
|
|
|c BK
|
| 945 |
|
|
|d 20131011 10:45:00
|a dcastane
|
| 260 |
|
|
|a Santiago
|b Catalonia
|c 2013
|
| 650 |
|
0 |
|a Neoliberalismo
|9 330090
|
| 650 |
|
0 |
|a Liberalismo
|9 255715
|
| 650 |
|
0 |
|a Economía de libre mercado
|9 341238
|
| 583 |
|
|
|a last modification
|c 20131011 10:45:00
|k Rodrigo Vera
|
| 999 |
|
|
|c 353431
|d 353429
|
| 952 |
|
|
|0 0
|1 0
|3 erb
|4 0
|6 320_513000000000000_ATR_2013
|7 0
|8 A
|9 458644
|a BIBHIS
|b BIBHIS
|d 2019-11-23
|i 5018064
|l 2
|o 320.513 ATR 2013
|p 5018064
|r 2025-01-20
|s 2023-05-11
|w 2019-11-23
|y BK
|z Catalogado en:20131011
|k HIS
|